000 00232nam a22000857a 4500
008 160914b xxu||||| |||| 00| 0 eng d
100 _9430
_aWason.V.
245 _aFinancial Statements-XII
260 _aNew Delhi
_bS. Chand Publications
_c2011
999 _c3089
_d3089